Statistiques concernant - Prénoms les plus donnés en 1920 -

Cliquez ici pour prendre le quiz!

Statistiques générales

  • Ce quiz a été pris 509 fois
  • Le résultat moyen est 57 sur 100

Statistiques - réponses

Position1ère LettrePrénom% Correct
1JJean
100%
1MMarie
96%
12PPaul
94%
3PPierre
93%
2JJeanne
91%
7LLouis
85%
20FFrançois
82%
17JJacques
81%
8HHenri
80%
24YYvette
80%
50PPaule
79%
4RRené
79%
5MMarcel
77%
2AAndré
76%
9GGeorges
76%
10RRobert
76%
25MMichel
75%
18LLouise
74%
32YYves
74%
5YYvonne
74%
44FFrançoise
73%
18CCharles
72%
8PPaulette
72%
11MMaurice
70%
32LLucie
69%
14RRaymond
69%
6RRoger
68%
28BBernard
67%
38VVictor
67%
31JJules
66%
30JJuliette
66%
15AAlbert
65%
23AAnne
65%
30AAntoine
65%
21HHenriette
65%
23LLéon
65%
43CClaude
64%
36JJulien
64%
9RRenée
64%
16LLucien
63%
12SSimone
63%
19SSimonne
63%
16GGeorgette
62%
13JJoseph
62%
19EEmile
60%
20JJacqueline
60%
10DDenise
59%
11AAndrée
58%
17RRaymonde
58%
7MMarguerite
57%
22HHélène
56%
31MMaria
56%
50DDaniel
55%
29GGabriel
55%
6MMarcelle
55%
13OOdette
55%
29TThérèse
55%
21FFernand
53%
24GGaston
52%
14GGermaine
52%
3MMadeleine
51%
4SSuzanne
51%
46AAnna
50%
15LLucienne
50%
35JJoséphine
49%
33GGabrielle
48%
41JJeannine
48%
48EEtienne
45%
33GGuy
44%
27AAlice
43%
28FFernande
43%
26MMarthe
43%
45RRose
43%
27AAuguste
42%
45AAlphonse
40%
44AArmand
40%
43EElise
40%
46FFrancis
40%
26GGilbert
40%
40CCamille
39%
25GGeneviève
39%
36AAntoinette
38%
41EEdouard
38%
22EEugène
38%
49GGustave
38%
42IIrène
38%
40EEmilienne
35%
39EEdmond
34%
47EEugénie
34%
34GGisèle
34%
35RRoland
34%
38BBerthe
33%
34AAlfred
32%
42EErnest
32%
49CCécile
30%
37GGilberte
30%
39SSolange
30%
37MMarius
25%
47AAimé
24%
48AAngèle
23%

Distribution des résultats

Percentile par nombre de réponses

% des personnes avec chaque résultat

Votre développement - résultats

Vous n’avez pas pris ce quiz